Evolving approaches to the economics of public policy : views of award-winning economists /

Bibliographic Details
Other Authors: Kimmel, Jean, (Editor)
Format: eBook
Language:English
Published: Kalamazoo, Michigan : W. E. Upjohn Institute for Employment Research, 2016.
Subjects:
Online Access:Click to View
LEADER 01741nam a2200421 i 4500
001 EBC4741212
003 MiAaPQ
005 20200520144314.0
006 m o d |
007 cr cnu||||||||
008 161125t20162016miu o 001 0 eng d
020 |z 9780880995122 
020 |a 9780880995146 (e-book) 
035 |a (MiAaPQ)EBC4741212 
035 |a (Au-PeEL)EBL4741212 
035 |a (CaPaEBR)ebr11298054 
035 |a (OCoLC)962456409 
040 |a MiAaPQ  |b eng  |e rda  |e pn  |c MiAaPQ  |d MiAaPQ 
050 4 |a JF51  |b .E965 2016 
082 0 |a 320.6  |2 23 
245 0 0 |a Evolving approaches to the economics of public policy :  |b views of award-winning economists /  |c Jean Kimmel, editor. 
264 1 |a Kalamazoo, Michigan :  |b W. E. Upjohn Institute for Employment Research,  |c 2016. 
264 4 |c 2016 
300 |a 1 online resource (183 pages) 
336 |a text  |2 rdacontent 
337 |a computer  |2 rdamedia 
338 |a online resource  |2 rdacarrier 
500 |a Includes index. 
588 |a Description based on print version record. 
590 |a Electronic reproduction. Ann Arbor, MI : ProQuest, 2016. Available via World Wide Web. Access may be limited to ProQuest affiliated libraries. 
650 0 |a Political planning. 
650 0 |a Economic policy. 
650 0 |a Microfinance. 
655 4 |a Electronic books. 
700 1 |a Kimmel, Jean,  |e editor. 
776 0 8 |i Print version:  |t Evolving approaches to the economics of public policy : views of award-winning economists.  |d Kalamazoo, Michigan : W. E. Upjohn Institute for Employment Research, c2016   |h vii, 175 pages   |z 9780880995122   |w 2016038681 
797 2 |a ProQuest (Firm) 
856 4 0 |u https://ebookcentral.proquest.com/lib/matrademy/detail.action?docID=4741212  |z Click to View